=LDR 00000nam 2200000 4500 =001 INLIS000000000020209 =005 20150107125935.0 =006 =007 =008 Ind =035 ##$$0010-061300000020209 =041 ##$$a Ind =082 ##$$a F Rom D =090 ##$$a F Rom D, Tak r =100 ##$$a Takmin, Bagus =245 ##$$a Ruwita, oleh Bagus Takmin =260 ##$$a 2005 $b Jakarta =300 ##$$a iv, 168 hlm, 20 cm =650 ##$$a Fiksi Dewasa =850 ##$$a NBPNMAT